NORTON COMMANDER, verzia 2.00 3.00. NORTON UTILITIES, verzia 4.5
Salvato in:
| Natura: | Libro |
|---|---|
| Lingua: | slovacco |
| Pubblicazione: |
Bratislava
P.C.S.
1991
|
| Edizione: | 1. vyd. |
| Tags: |
Nessun Tag, puoi essere il primo ad aggiungerne!!
|
MARC
| LEADER | 00000nam a2200000 4500 | ||
|---|---|---|---|
| 001 | c024342 | ||
| 005 | 20221214094341.7 | ||
| 041 | 0 | |a slo | |
| 044 | |a SK | ||
| 245 | 1 | 0 | |a NORTON COMMANDER, verzia 2.00 3.00. |b NORTON UTILITIES, verzia 4.5 |
| 250 | |a 1. vyd. | ||
| 264 | 1 | |a Bratislava |b P.C.S. |c 1991 | |
| 300 | |a 48 s. | ||